Smart nanocomposites

Detalles Bibliográficos
Formato: Electrónico Revista
Lenguaje:inglés
Publicado: Hauppauge, N.Y. : Nova Science Pub.
Materias:
Acceso en línea:Full text available from Research Library: 01/01/2011 to 07/31/2017

MARC

LEADER 00000nas a2200000 a 4500
001 ssj0001454674
003 WaSeSS
005 20200512172242.0
006 m d
007 cr n
008 090715c20109999nyuqr p s 0 a0eng
010 |a  2009203341 
022 |y 1949-4823 
035 |a (WaSeSS)ssj0001454674 
037 |b Nova Science Publishers, Inc., 400 Oser Ave., Ste. 1600, Hauppauge, NY 11788-3619  |c $55.00 (single issue)  |c $195.00 (1 yr.) 
040 |a DLC  |b eng  |c DLC  |d DLC  |d MYPMP  |d OCLCF  |d DLC  |d AU@  |d OCL  |d CUS  |d WaSeSS 
042 |a pcc  |a nsdp 
050 0 0 |a TA418.9.C6  |b S62 
082 1 0 |a 620  |2 14 
210 0 |a Smart nanocomposites 
222 0 |a Smart nanocomposites 
245 0 0 |a Smart nanocomposites  |h [electronic resource]. 
260 |a Hauppauge, N.Y. :  |b Nova Science Pub. 
310 |a Quarterly 
362 1 |a Began with Vol.1, issue 1 (2010). 
506 |a License restrictions may limit access. 
588 |a Description based on: Vol.1, issue 1 (2010); title from cover. 
588 |a Latest issue consulted: Vol.1, issue 1 (2010). 
650 0 |a Nanocomposites (Materials) 
650 0 |a Polymers. 
650 0 |a Emulsion polymerization. 
650 0 |a Polymerization. 
650 7 |a Emulsion polymerization.  |2 fast  |0 (OCoLC)fst00909434 
650 7 |a Nanocomposites (Materials)  |2 fast  |0 (OCoLC)fst01748679 
650 7 |a Polymerization.  |2 fast  |0 (OCoLC)fst01070576 
650 7 |a Polymers.  |2 fast  |0 (OCoLC)fst01070588 
655 0 |a Electronic journals. 
787 0 8 |i Selected articles also published as:  |t Smart nanocomposites research compendium  |x 2324-7762  |w (DLC) 2012200795  |w (OCoLC)811068676 
850 |a DLC 
856 4 0 |z Full text available from Research Library: 01/01/2011 to 07/31/2017  |u https://search.proquest.com/publication/2034816